Podvojné účtovníctvo vybrané účtovné prípady
Enregistré dans:
| Auteur principal: | |
|---|---|
| Format: | Livre |
| Langue: | slovaque |
| Publié: |
Bratislava
Kartprint
2014
|
| Édition: | 1. vyd. |
| Sujets: | |
| Accès en ligne: | Voir à l'OPAC |
| Tags: |
Pas de tags, Soyez le premier à ajouter un tag!
|
MARC
| LEADER | 00000cam a2200000 a 4500 | ||
|---|---|---|---|
| 005 | 20260127134209.0 | ||
| 008 | 160429s2014 xo a e n 000 0 slo | ||
| 015 | |a SNBA2014/08 | ||
| 020 | |a 9788089553198 (brož.) | ||
| 035 | |a vtls010597074 | ||
| 035 | |a FB3C94B6-4377-4E0E-80E5-1C2D32D6EFF1 | ||
| 035 | |a urn:nbn:sk:snk-amk49c | ||
| 035 | |a urn:nbn:sk:snk-am0056wp | ||
| 039 | 9 | |a 201604291252 |b VLOAD |c 201604271629 |d VLOAD |c 201601141005 |d VLOAD |c 201503091108 |d VLOAD |y 201405161145 |z msnk12 | |
| 040 | |a SNK |b slo |c SNK |d SVKBB |d STUSCHK1 |e AACR2 | ||
| 041 | 0 | |a slo | |
| 044 | |a xo |c SK | ||
| 072 | 7 | |a 657 |x Účtovníctvo |2 konspekt | |
| 080 | |a 657.12 |2 2001 | ||
| 080 | |a (075.8) |2 2001 | ||
| 100 | 1 | |a Kajanová, Jana | |
| 245 | 1 | 0 | |a Podvojné účtovníctvo |b vybrané účtovné prípady |c Jana Kajanová |
| 250 | |a 1. vyd. | ||
| 260 | |a Bratislava |b Kartprint |c 2014 | ||
| 300 | |a 171 s. |b tab. |c 20 cm | ||
| 504 | |a Bibliogr.: s. 157-158 | ||
| 650 | 0 | 7 | |a podvojné účtovníctvo |2 SNKPH |
| 650 | 0 | 7 | |a Double-entry bookkeeping |2 SNKPHeng |
| 655 | 7 | |a učebnice vysokých škôl |2 SNKPH | |
| 655 | 7 | |a Textbooks (higher) |2 SNKPHeng | |
| 910 | |a snk | ||
| 910 | |a svkbb | ||
| 910 | |a SCHK95 | ||
| 919 | |a 978-80-89553-19-8 | ||
| 958 | |a NB | ||
| 999 | |c 6432 |d 6432 | ||